Normal view
MARC view
- Asif Mehmood Jah
Entry Personal Name
001 - CONTROL NUMBER
- control field: 110349
003 - CONTROL NUMBER IDENTIFIER
- control field: NUST
005 - DATE AND TIME OF LATEST TRANSACTION
- control field: 20230315161439.0
008 - FIXED-LENGTH DATA ELEMENTS
- fixed length control field: 230315|| aca||aabn | a|a d
040 ## - CATALOGING SOURCE
- Original cataloging agency: NUST
- Transcribing agency: NUST
100 ## - HEADING--PERSONAL NAME
- Personal name: Asif Mehmood Jah
670 ## - SOURCE DATA FOUND
- Source citation: Work cat.: (NUST)593684: Asif Mehmood Jah, Allah Kabbah Aur Banda Bait Ullah Aur Roza E Rasool SAWW, 2013.
